000 00297nam a22001337a 4500
008 171102b xxu||||| |||| 00| 0 eng d
020 _a9780262071949
041 _aeng
080 _a530.14
100 _a59
101 _aKAP
245 _aTHE VENTURE CAPITAL CYCLE
_cCOMPERS.P
942 _2udc
_cBK
999 _c37200
_d37200